000 00302nam a2200133 i 4500
001 bg
245 0 _aPoluprovodnikovaja elektronika w technike svojazi.
250 _aWyd.18.
260 _aMoskwa,
_c1978.
040 _cBPK
041 _apol
942 _cKS
008 s pl f |000 0 pol
999 _c9830
_d9830
856 _uhttp://koha.tu.koszalin.pl/cgi-bin/koha/opac-detail.pl?biblionumber=9830
_yKatalog online BPK